000 00929nam a2200253Ia 4500
003 OSt
005 20220923213040.0
006 a|||||r|||| 00| 0
007 ta
008 220922b |||||||| |||| 00| 0 hin d
024 _a158,648
037 _cTextual
040 _aARTS
_cARTS
_bhin
041 _2hin
_ahin
082 _aO152,1(Delta25):g, L4
100 _aशर्मा, सुमन
245 0 _aमध्यकालीन भक्ति आन्दोलन का सामाजिक विवेचन
246 _aMadhyakālīn bhakti āndolan kā sāmājik vivechana
260 _aवाराणसी
_b विश्वविद्यालय प्रकाशन
_c1974
300 _a259 पृ.
_ccm.
650 _aहिन्दी साहित्य
_9156264
942 _hO152,1(Delta25):g, L4
_cTEXL
_2CC
999 _c313398
_d313398